000 00833nab a2200229 4500
003 BR-BrBNA
005 20240428172759.0
008 240428b bl.||||| |||| 00| 0 por d
040 _aBR-BrBNA
_bpor
072 _aF01
100 _aSilva, José Antônio Alberto da
245 _aParceria para produção sustentável de citros já mostra bons resultados
_bTratos Culturais
500 _a7 illus.; 2 tables
650 _aCITRICULTURA
650 _aPRÁTICA CULTURAL
650 _aBOAS PRÁTICAS AGRÍCOLAS
650 _aTECNOLOGIA
650 _aSUSTENTABILIDADE
773 0 _04769
_9314647
_dBebedouro - SP Grupo Técnico de Assistência e Consultoria em Citrus 2001
_o2024-0899
_tCiência e Pratica (Brazil)
_gv. 11(40) p. 14-18; (Jan-Mar 2011)
_wBR2024000910
942 _cAnalítica
999 _c299353
_d299353